000 00799nam a2200229 i 4500
001 179548
003 ES-MaACL
005 20240624131804.0
008 111222s2009 sp |||| | spa d
020 _a978-84-95543-68-4 (El Toro de Barro)
020 _a978-84-92711-01-7 (Diputación de Cuenca)
080 _a821.134.2-14"19"
100 1 _aGarcía, José Ángel.
_9147306
245 1 0 _aLlámalo viaje
_b: (1977-2008) /
_cJosé Ángel García.
260 _aCuenca :
_bEl Toro de Barro :
_bDiputación,
_c2009.
300 _a94 p. :
_b1 retr. ;
_c21 cm.
490 1 _aLa piedra que habla ;
_v239
830 0 _aColección "La piedra que habla" ;
_v239
_9226758
852 _aES-MaACL
_jA-11749
_9186445
_bR.146051
_cDEPO1
_dOlim: N-4754
942 _2udc
_cMONOGRAFIA
999 _c179548
_d179548